000 00857nab a2200241u 4500
001 07360
003 HDC
007 c| |||a|c|aaaa
008 210128b20160712my ||||| |||| 00| 0 may d
040 _aHDC
100 _aLum Chee Hong
_97907
245 0 _aFirma Jepun rancang Malaysia jadi hab ASEAN :
_bSatake Chemical Equipment tingkat kerjasama dengan SIRIM /
_cLum Chee Hong
336 _atext
_2rdacontent
337 _acomputer
_2rdamedia
338 _aonline resource
_2rdacarrier
650 _aSatake Chemical Equipment
_97908
650 _aSatake Technologies Malaysia Sdn Bhd
_97909
710 _aBerita Harian
856 _zRequest full-text at [email protected]
942 _2lcc
942 _cNEWS
942 _kNWSC 001376
999 _c4684
_d4684